| 000 -CABECERA |
| campo de control de longitud fija |
00965nam a2200265 a 4500 |
| 001 - NÚMERO DE CONTROL |
| campo de control |
000057064 |
| 005 - FECHA Y HORA DE LA ÚLTIMA TRANSACCIÓN |
| campo de control |
20200120223427.0 |
| 008 - DATOS DE LONGITUD FIJA--INFORMACIÓN GENERAL |
| campo de control de longitud fija |
990220s2006 ck a gr 000 j spa d |
| 020 ## - NÚMERO INTERNACIONAL ESTÁNDAR DEL LIBRO |
| Número Internacional Estándar del Libro |
9580496944 |
| 090 ## - LOCALMENTE ASIGNADO TIPO-LC NÚMERO DE CLASIFICACIÓN (OCLC); NÚMERO DE CLASIFICACIÓN LOCAL (RLIN) |
| Número de clasificación (OCLC) (R) ; Numero de clasificación, CALL (RLIN) (NR) |
A |
| Número cutter local (OCLC) ; Número de libro/Signatura topográfica íntegra, CALL (RLIN) |
KASn 2006 |
| 100 0# - ENTRADA PRINCIPAL--NOMBRE DE PERSONA |
| Nombre de persona |
Kasza, Keiko |
| 245 10 - MENCIÓN DE TÍTULO |
| Título |
No te rías, Pepe / |
| Mención de responsabilidad, etc. |
Keiko Kasza; traducción de Cristina Aparicio. |
| 260 ## - PUBLICACIÓN, DISTRIBUCIÓN, ETC. |
| Lugar de publicación, distribución, etc. |
Santafé de Bogotá : |
| Nombre del editor, distribuidor, etc. |
Norma, |
| Fecha de publicación, distribución, etc. |
2006. |
| 300 ## - DESCRIPCIÓN FÍSICA |
| Extensión |
31 p. : |
| Otras características físicas |
il. col.,. |
| 490 #0 - MENCIÓN DE SERIE |
| Mención de serie |
Buenas noches |
| 500 ## - NOTA GENERAL |
| Nota general |
Título original : Don´t laugh, Joe |
| 500 ## - NOTA GENERAL |
| Nota general |
Ej.1 de la Biblioteca Marichuela Edición especial con ISBN : 9789584538956. |
| 500 ## - NOTA GENERAL |
| Nota general |
Ej.1 de la Biblioteca Carlos E. Restrepo pertenece a la colección donada por Bibliored. |
| 500 ## - NOTA GENERAL |
| Nota general |
Ej.1 de la Biblioteca Carlos E. Restrepo con ISBN: 9789584538956. |
| 650 14 - PUNTO DE ACCESO ADICIONAL DE MATERIA--TÉRMINO DE MATERIA |
| Término de materia o nombre geográfico como elemento de entrada |
Albúm infantil |
| 650 24 - PUNTO DE ACCESO ADICIONAL DE MATERIA--TÉRMINO DE MATERIA |
| Término de materia o nombre geográfico como elemento de entrada |
Literatura infantil |
| 650 24 - PUNTO DE ACCESO ADICIONAL DE MATERIA--TÉRMINO DE MATERIA |
| Término de materia o nombre geográfico como elemento de entrada |
Literatura japonesa |
| 650 14 - PUNTO DE ACCESO ADICIONAL DE MATERIA--TÉRMINO DE MATERIA |
| Término de materia o nombre geográfico como elemento de entrada |
Animales en la literatura |
| 700 1# - PUNTO DE ACCESO ADICIONAL--NOMBRE DE PERSONA |
| Nombre de persona |
Aparicio, Cristina, |
| Término indicativo de función/relación |
tr. |